000 00834nam a22002777a 4500
001 0074
003 DO-SdBNP
005 20180510123947.0
007 0074
008 151117b sp 2000 xxu||||| |||| 00| 0 spa d
020 _a9788477387152
040 _aBPMSU
_bspa
_cBPMSU
082 _a370.15
_bF965f
100 1 0 _aFullat i Genís, Octavi
245 1 0 _aFilosofía de la educación /
_cOctavi Fullat i Genís
260 _aMadrid :
_bSíntesis ,
_c2000
300 _a190 p. :
_c21 cm.
490 1 0 _aTHE - Teoría e Historia de la Educación
_v2
504 _aBibliografías : p. 189-190
650 _aFILOSOFÍA DE LA EDUCACIÓN
830 0 0 _aTHE (Teoría e Historia de la Educación)
_n2
942 _2ddc
_cBK
945 _aInventariado, 2017/MFF
956 _aBrenda Tavárez
956 _aValidado. Control de calidad MFF
999 _c8762
_d8762